Natación II:Polo acuático y nado sincronizado/Tucidides Perea Rosero (Registro nro. 19424)

Detalles MARC
000 -LEADER
fixed length control field 00522nam a22001811a 4500
001 - CONTROL NUMBER
control field 19424
003 - CONTROL NUMBER IDENTIFIER
control field OSt
005 - DATE AND TIME OF LATEST TRANSACTION
control field 20260204212453.0
008 - FIXED-LENGTH DATA ELEMENTS--GENERAL INFORMATION
fixed length control field 190518s1994||||ck ||||||b||||||||||spa||
020 ## - NUMERO DE LIBRO INTERNACIONAL NORMALIZADO
International Standard Book Number 9583001317
082 ## - DEWEY DECIMAL CLASSIFICATION NUMBER
Classification number 797.217 P434n
100 ## - ASIENTO PRINCIPAL -- NOMBRE PERSONAL
Personal name Perea Rosero, Tucidides
245 ## - TÍTULO PROPIAMENTE DICHO: SUBTÍTULO
Title Natación II:Polo acuático y nado sincronizado/Tucidides Perea Rosero
264 ## - PRODUCTION, PUBLICATION, DISTRIBUTION, MANUFACTURE, AND COPYRIGHT NOTICE
Place of production, publication, distribution, manufacture Bogotá,Colombia:Editorial Panamericana
300 ## - PHYSICAL DESCRIPTION
Extensión 215 Páginas
650 ## - ASIENTO SECUNDARIO DE MATERIA -- TERMINO TEMÁTICO
Termino Temático Como Elemento de Entrada Deporte 2.Natación 3.Nado sincronizadoÌ
942 ## - ADDED ENTRY ELEMENTS (KOHA)
Source of classification or shelving scheme Dewey Decimal Classification
Koha item type Libros
Existencias
Withdrawn status Lost status Source of classification or shelving scheme Damaged status Not for loan Current library Date acquired Total Checkouts Full call number Barcode Date last seen Price effective from Koha item type
    Dewey Decimal Classification     Biblioteca UTECO 09/09/2019   797.217 P434N 019101 09/09/2019 09/09/2019 Libros
© 2021 Derechos Reservados UTECO - Teléfono: +1 809-585-2291 - Correo electrónico: biblioteca@uteco.edu.do​  
Código postal 43000 ​​
Dirección: Avenida Universitaria No. 100, 
Cotuí, Provincia Sánchez Ramírez, República Dominicana - RNC: 404-00059-6